000 01012nam a2200289Ia 4500
003 OSt
005 20220930091207.0
006 a|||||r|||| 00| 0
007 ta
008 220926b |||||||| |||| 00| 0 eng d
024 _a4841
037 _cTheses
040 _aCRL
_cCRL
_beng
041 _2eng
_aeng
100 _aChaudhary Swati Au.
_9545062
110 _aUniversity of Delhi. Faculty of Medical Sciences. Department of Medicine
245 0 _aSeroprevalance of neutralizing antibody titers against oral poli vaccine in children 6 months to 5 years
260 _c2012
300 _a74
_ap.
_ccm.
650 _aCHILDREN - DISEASES
700 _a Dr. A. K. Dutta Gu.
_9536125
700 _a Dr. Shashi Khare Gu.
_9536858
700 _a Dr. Varinder Singh Gu.
_9533725
700 _aUniversity of Delhi. Faculty of Medical Sciences. Department of Medicine
942 _cDIS
_2CC
999 _c881781
_d881781